adivina el país por la imagen más famosa - Estadísticas

Estadísticas generales
  • Esta prueba ha sido intentada 370 veces
  • La puntuación promedio es 14 de 16
Estadísticas de respuestas
Imagen Respuesta % Correcto
francia
100%
estados unidos
98%
italia
98%
brasil
97%
china
97%
reino unido
97%
egipto
96%
india
93%
japón
93%
perú
92%
australia
91%
méxico
91%
emiratos arabes unidos
83%
argentina
80%
turquía
56%
chile
33%
No se encontraron pruebas coincidentes
Distribución de puntuación
Porcentaje de gente con cada puntuación
Porcentaje por número respondido
Historial de tus puntuaciones
No has intentado esta prueba.